| 000 | 01466cam a2200385 a 4500 | ||
|---|---|---|---|
| 001 | 15677624 | ||
| 003 | OSt | ||
| 005 | 20140310182900.0 | ||
| 008 | 090327s2009 scua b 000 0deng | ||
| 010 | _a 2009925460 | ||
| 020 | _a9780738566207 | ||
| 020 | _a0738566209 | ||
| 040 |
_aDLC _cDLC _dDLC |
||
| 043 | _an-us-dc | ||
| 050 | 0 | 0 |
_aF205.F4 _b.C113 2009 |
| 082 | 0 | 0 |
_aF975.30049921 _b.C335 2009 |
| 100 | 1 | _aCacas, Rita M. | |
| 245 | 1 | 0 |
_aFilipinos in Washington, D.C. / _cCacas, Rita M. and Lott, Juanita T. |
| 260 |
_aCharleston, SC : _bArcadia Pub., _cc2009. |
||
| 300 |
_a127 p. : _bill. ; _c24 cm. |
||
| 490 | 0 | _aImages of America | |
| 504 | _aIncludes bibliographical references (p. 127). | ||
| 521 | _aCollege Student | ||
| 526 | _c1210L-1700L | ||
| 541 | _j1 | ||
| 562 | _e1 | ||
| 650 | 0 |
_aFilipino Americans _zWashington (D.C.) _xHistory _vPictorial works. |
|
| 651 | 0 |
_aWashington (D.C.) _vBiography _vPictorial works. |
|
| 700 | 1 | _aLott, Juanita Tamayo. | |
| 856 | 4 | 2 |
_3Contributor biographical information _uhttp://www.loc.gov/catdir/enhancements/fy0915/2009925460-b.html |
| 856 | 4 | 2 |
_3Publisher description _uhttp://www.loc.gov/catdir/enhancements/fy0915/2009925460-d.html |
| 906 |
_a7 _bcbc _corignew _d2 _eepcn _f20 _gy-gencatlg |
||
| 942 |
_2lcc _cBK _kM |
||
| 999 |
_c17085 _d17085 |
||